Countries With the Most Ballon d'Or wins - Statistics

General Stats
  • This quiz has been taken 58 times
  • The average score is 7 of 7
Answer Stats
Number Of Ballon d'Or Nation % Correct
6 Portugal
100%
8 Argentina
98%
5 Brazil
96%
6 France
94%
7 Germany
94%
5 England
92%
7 Holland/Netherlands
79%
No matching quizzes found
Score Distribution
Percent of People with Each Score
Percentile by Number Answered
Your Score History
You have not taken this quiz